[Event "Duran zt 2.3.5"]
[Site "Duran"]
[Date "2012.03.08"]
[Round "5"]
[White "Fernandez Paulino, Francis M"]
[Black "Azua Avila, Vicente"]
[Result "1-0"]
[WhiteElo "2315"]
[BlackElo "1875"]
[PlyCount "57"]
[EventDate "2012.03.05"]
[EventType "swiss"]
[EventRounds "9"]
[EventCountry "ECU"]
[SourceTitle "EXT 2023"]
[Source "ChessBase"]
[SourceDate "2022.10.05"]
[SourceVersion "1"]
[SourceVersionDate "2022.10.05"]
[SourceQuality "1"]

1. d4 Nf6 2. c4 g6 3. Nc3 Bg7 4. e4 d6 5. f3 0-0 6. Be3 e5 7. d5 c6 8. Bd3 Nbd7 9. Nge2 a6 10. Qd2 cxd5 11. cxd5 Ne8 12. h4 Nc5 13. Bc2 b5 14. h5 b4 15. Na4 Qa5 16. Nxc5 dxc5 17. hxg6 fxg6 18. Bb3 Nd6 19. Rc1 c4 20. Bxc4 Nxc4 21. Rxc4 Qxa2 22. Rxb4 a5 23. Rb6 Ba6 24. 0-0 Rfd8 25. Rc1 Qa4 26. Rc7 Bf8 27. Nc3 Qa1+ 28. Kh2 Rdb8 29. d6 1-0

[Event "Guayaquil zt 2.3.5"]
[Site "Guayaquil"]
[Date "2012.03.06"]
[Round "3"]
[White "Fernandez Paulino, Francis M"]
[Black "Lopez, Jasel"]
[Result "0-1"]
[WhiteElo "2315"]
[BlackElo "2138"]
[PlyCount "84"]
[EventDate "2012.03.05"]
[EventType "swiss"]
[EventRounds "9"]
[EventCountry "ECU"]
[SourceTitle "EXT 2013"]
[Source "ChessBase"]
[SourceDate "2012.11.22"]
[SourceVersion "1"]
[SourceVersionDate "2012.11.22"]
[SourceQuality "1"]

1. d4 Nf6 2. c4 e6 3. Nc3 Bb4 4. e3 0-0 5. Bd3 d5 6. Nf3 c5 7. 0-0 Bxc3 8. bxc3 dxc4 9. Bxc4 Qc7 10. Qe2 b6 11. Bd3 Nc6 12. Bb2 Bb7 13. e4 e5 14. d5 Ne7 15. c4 Ng6 16. Qd2 h6 17. Rfd1 Bc8 18. a4 a5 19. Ra3 Qd6 20. Re1 Re8 21. Bf1 Ra7 22. Qe2 Rae7 23. g3 Nh7 24. Bc1 Rf8 25. Bg2 f5 26. Nd2 f4 27. f3 h5 28. Nb1 fxg3 29. hxg3 h4 30. Qf2 hxg3 31. Qxg3 Nf4 32. Nc3 Ba6 33. Bxf4 Rxf4 34. Nd1 Rf6 35. Ne3 Bc8 36. Re2 Ref7 37. Qh4 Rh6 38. Qe1 Rg6 39. Rb3 Ng5 40. Rf2 Nh3+ 41. Kf1 Nxf2 42. Qxf2 Ba6 0-1

[Event "Guayaquil zt 2.3.5"]
[Site "Guayaquil"]
[Date "2012.03.05"]
[Round "1"]
[White "Fernandez Paulino, Francis M"]
[Black "Barros Rivadeneira, Cristhian"]
[Result "1-0"]
[WhiteElo "2315"]
[BlackElo "2122"]
[PlyCount "59"]
[EventDate "2012.03.05"]
[EventType "swiss"]
[EventRounds "9"]
[EventCountry "ECU"]
[SourceTitle "EXT 2013"]
[Source "ChessBase"]
[SourceDate "2012.11.22"]
[SourceVersion "1"]
[SourceVersionDate "2012.11.22"]
[SourceQuality "1"]

1. d4 Nf6 2. c4 g6 3. Nc3 Bg7 4. e4 d6 5. f3 0-0 6. Be3 e5 7. d5 c6 8. Qd2 cxd5 9. cxd5 a6 10. Bd3 b5 11. Nge2 Nbd7 12. h4 h5 13. g4 Nc5 14. Ng3 b4 15. Nd1 hxg4 16. h5 Nxd3+ 17. Qxd3 gxf3 18. h6 Bh8 19. h7+ Nxh7 20. Qd2 Qe7 21. Bh6 Re8 22. Qh2 f6 23. Bd2 Ra7 24. Bxb4 Qf8 25. Rc1 f5 26. Rc6 Rd8 27. Ba5 Rdd7 28. exf5 gxf5 29. Nxf5 Qxf5 30. Rxc8+ 1-0